[Event "FRA-chT3 0405"]
[Site "France"]
[Date "2004.11.07"]
[Round "3"]
[White "Tripoteau, Nicolas"]
[Black "Garzon, Yoann"]
[Result "1-0"]
[WhiteElo "2250"]
[BlackElo "2129"]
[PlyCount "47"]
[EventDate "2004.10.10"]
[EventType "team-tourn"]
[EventRounds "9"]
[EventCountry "FRA"]
[SourceTitle "EXT 2007"]
[Source "ChessBase"]
[SourceDate "2006.11.23"]
[SourceVersion "1"]
[SourceVersionDate "2006.11.23"]
[SourceQuality "1"]

1. d4 d5 2. c4 e5 3. dxe5 d4 4. Nf3 Nc6 5. Nbd2 Bg4 6. a3 a5 7. h3 Bxf3 8. Nxf3 Nge7 9. e3 dxe3 10. Bxe3 Ng6 11. Qb3 Qc8 12. Qb5 Be7 13. h4 Qe6 14. h5 Ngxe5 15. Nxe5 Qxe5 16. Qxb7 0-0 17. Qxc6 Qxb2 18. Rd1 Bxa3 19. Bd3 Bb4+ 20. Kf1 Qb3 21. Qf3 Rfd8 22. Qe2 a4 23. Qc2 Rxd3 24. Qxd3 1-0

[Event "FRA-chT2 0304"]
[Site "France"]
[Date "2004.04.04"]
[Round "11"]
[White "Garzon, Yoann"]
[Black "Larand, Manuel"]
[Result "1-0"]
[WhiteElo "2151"]
[BlackElo "2058"]
[PlyCount "67"]
[EventDate "2003.10.??"]
[EventType "team-tourn"]
[EventRounds "11"]
[EventCountry "FRA"]
[SourceTitle "EXT 2005"]
[Source "ChessBase"]
[SourceDate "2004.11.15"]
[SourceVersion "1"]
[SourceVersionDate "2004.11.15"]
[SourceQuality "1"]

1. e4 d6 2. d4 Nf6 3. f3 d5 4. e5 Nfd7 5. Bd3 c5 6. c3 Nc6 7. Ne2 e6 8. Bb5 Be7 9. b3 Qb6 10. Bxc6 bxc6 11. f4 cxd4 12. cxd4 Ba6 13. Nbc3 c5 14. Na4 Qb4+ 15. Qd2 cxd4 16. Nxd4 Qb7 17. Bb2 0-0 18. Kf2 Bb4 19. Bc3 Bxc3 20. Qxc3 Rac8 21. Qd2 Nb6 22. Nc3 Nd7 23. Na4 Nb6 24. Nxb6 Qxb6 25. Rhc1 Rfd8 26. g4 g6 27. Kg3 Qb7 28. f5 Qd7 29. f6 Kh8 30. h4 Qb7 31. h5 gxh5 32. Rh1 Rg8 33. Rxh5 Rg6 34. Rah1 1-0

[Event "FRA-chT2W 0203"]
[Site "France"]
[Date "2003.01.18"]
[Round "5"]
[White "Garzon, Yoann"]
[Black "Debray, Christopher"]
[Result "1/2-1/2"]
[WhiteElo "2151"]
[BlackElo "2132"]
[PlyCount "129"]
[EventDate "2002.10.??"]
[EventType "team-tourn"]
[EventRounds "11"]
[EventCountry "FRA"]
[SourceTitle "EXT 2004"]
[Source "ChessBase"]
[SourceDate "2003.11.25"]
[SourceVersion "1"]
[SourceVersionDate "2003.11.25"]
[SourceQuality "1"]
[WhiteTeam "Rennes"]
[BlackTeam "Evry II"]
[WhiteTeamCountry "FRA"]
[BlackTeamCountry "FRA"]

1. e4 c5 2. Nc3 e6 3. Bc4 Ne7 4. Nf3 d5 5. exd5 exd5 6. Bb5+ Nbc6 7. Qe2 Bg4 8. h3 Bxf3 9. Bxc6+ bxc6 10. Qxf3 Ng6 11. 0-0 Be7 12. b3 0-0 13. Ba3 Qa5 14. Bb2 Bf6 15. Rfd1 Rfe8 16. Na4 Bxb2 17. Nxb2 Re6 18. Na4 d4 19. Qf5 Ne5 20. f4 Nd7 21. Nb2 Rae8 22. Nd3 g6 23. Qg5 f6 24. Qg4 f5 25. Qf3 Nb6 26. Ne5 Nd5 27. Nxc6 Qc7 28. Nxd4 cxd4 29. Qxd5 Kg7 30. Qxd4+ Kh6 31. Qf2 Re2 32. Qg3 R8e4 33. Re1 Qxc2 34. Rf1 Qc5+ 35. Kh1 Rxd2 36. Rac1 Qe7 37. a4 Re3 38. Rf3 Rdd3 39. Rxe3 Rxe3 40. Rc7 Re1+ 41. Kh2 Qxc7 42. Qxe1 Qxf4+ 43. Qg3 Qd4 44. Qc7 f4 45. Qc4 Qe3 46. b4 Qg3+ 47. Kh1 f3 48. Qf1 f2 49. a5 Kh5 50. b5 Qe3 51. Kh2 Kh4 52. Qc4+ Kg5 53. g3 Kf5 54. Kg2 Qe1 55. Qf4+ Ke6 56. Qxf2 Qxa5 57. Qc5 Qb6 58. Qc4+ Kd6 59. Kf3 Qc5 60. Qf4+ Qe5 61. Qf8+ Kc7 62. Qf7+ Kb6 63. Qxh7 Qf5+ 64. Kg2 Qe4+ 65. Kf2 1/2-1/2